000 01397nam a22002537a 4500
005 20170202164038.0
008 101030t xxu||||| |||| 00| 0 hin d
010 _aB-391420-441
020 _c85.00
_a8172017758
035 _aB-391420-441
037 _bनॉथ इण्डिया पब्लिशर्स/VEN
040 _adpl
_bHN
082 _a
100 _924027
_aअब्दुरस्समद
245 _aदो ग़ज़ ज़मीन /
_cअब्दुरस्समद
246 _aDo gaz zameen
_bby Abdussamad
260 _aनई दिल्ली
_bसाहित्य अकादेमी
_c2009(पु.मु.)
270 _aरवीन्द्र भवन, 35, फीरोजशाह मार्ग,
_bनई दिल्ली
_e110001
300 _a204पृ.
_c22सेमी(सजिल्द)
500 _aसाहित्य अकादेमी द्वारा पुरस्कृत उर्दू उपन्यास
520 _aAW
942 _cHN
_2ddc
_h
_mअब्दुस्स
999 _c48522
_d48522